书目信息 |
| 题名: |
眼力
|
|
| 作者: | 张金明 , 岩波 著 | |
| 分册: | ||
| 出版信息: | 天津 天津人民出版社 2008.04 |
|
| 页数: | 258页 | |
| 开本: | 23cm | |
| 丛书名: | ||
| 单 册: | ||
| 中图分类: | I247.57 | |
| 科图分类: | ||
| 主题词: | 纪实小说--ji shi xiao shuo--中国--现代 , 长篇小说--chang pian xiao shuo--中国--现代 | |
| 电子资源: | ||
| ISBN: | 978-7-201-05782-8 | |
| 000 | 01074nam0 2200277 450 | |
| 001 | 012009189077 | |
| 005 | 20090621114410.82 | |
| 010 | @a978-7-201-05782-8@dCNY35.00 | |
| 100 | @a20090621d2008 em y0chiy0120 ea | |
| 101 | 0 | @achi |
| 102 | @aCN@b120000 | |
| 105 | @aa z 000yy | |
| 106 | @ar | |
| 200 | 1 | @a眼力@Ayan li@e唐代金壶杯收藏传奇@f张金明, 岩波著@Fzhang jin ming,yan bo zhu |
| 210 | @a天津@c天津人民出版社@d2008.04 | |
| 215 | @a258页@c图@d23cm | |
| 300 | @a闯荡古玩江湖 | |
| 330 | @a本书不仅借收藏唐代稀世珍宝金壶杯的坎坷历程和主人公曲折缠绵的爱情长跑故事,生动描绘了天津人的执著、豪爽、炽烈和急公好义的性格,以及当年古玩界鲜为人知的逸闻轶事,还让读者站在津沽码头上,领略天津的民俗民风和人情世故。 | |
| 517 | 1 | @a唐代金壶杯收藏传奇@Atang dai jin hu bei shou cang chuan qi |
| 606 | 0 | @a纪实小说@Aji shi xiao shuo@y中国@z现代 |
| 606 | 0 | @a长篇小说@Achang pian xiao shuo@y中国@z现代 |
| 690 | @aI247.57@v4 | |
| 701 | 0 | @a张金明@Azhang jin ming@4著 |
| 701 | 0 | @a岩波@Ayan bo@4著 |
| 801 | 0 | @aCN@bQSSK@c20090621 |
| 905 | @b745684-86@dI247.57@eZ124@f3 | |
| 眼力:唐代金壶杯收藏传奇/张金明, 岩波著.-天津:天津人民出版社,2008.04 |
| 258页:图;23cm |
| 闯荡古玩江湖 |
| ISBN 978-7-201-05782-8:CNY35.00 |
| 本书不仅借收藏唐代稀世珍宝金壶杯的坎坷历程和主人公曲折缠绵的爱情长跑故事,生动描绘了天津人的执著、豪爽、炽烈和急公好义的性格,以及当年古玩界鲜为人知的逸闻轶事,还让读者站在津沽码头上,领略天津的民俗民风和人情世故。 |
| ● |
| 相关链接 |
|
|
|
正题名:眼力
索取号:I247.57/Z124
 
预约/预借
| 序号 | 登录号 | 条形码 | 馆藏地/架位号 | 状态 | 备注 |
| 1 | 745684 | 207456849 | 文学库108/108文学库 54排8列1层/ [索取号:I247.57/Z124] | 在馆 | |
| 2 | 745685 | 207456858 | 文学库108/108文学库 54排8列1层/ [索取号:I247.57/Z124] | 在馆 | |
| 3 | 745686 | 207456867 | 社科二线422/422社科库 49排1列1层/ [索取号:I247.57/Z124] | 在馆 |